000 00795nam a2200253Ia 4500
005 20220316235716.0
008 121119s2002 ck gr 000 0 spa
020 _a9580465339
041 1 _aspa
100 1 _aShakespeare, William
_d1564-1616
245 1 0 _aEnrique VIII (todo es verdad)
_cWilliam Shakespeare ; traducción de Carlos Gamerro
250 _aPrimera edición
300 _a176 páginas
_c19 cm
650 1 4 _aComedia inglesa
_2LEMB
650 1 4 _aTeatro inglés
_2LEMB
700 1 _aGamerro, Carlos
_etraductor
_933464
942 _2loc
_cBK
264 _aBogotá
_bGrupo Editorial Norma
_c2002
336 _atexto
_btxt
_2rdacontent
337 _asin mediación
_bn
_2rdamedia
338 _avolumen
_bnc
_2rdacarrier
040 _aCO-BoRNBP
_bspa
_erda
_cCO-BoRNBP
084 _aT SHA1
999 _c1898
_d1898